[Event "Weekend Vitinia"]
[Site "Roma ITA"]
[Date "1996.11.??"]
[Round "?"]
[White "Trebeschi, Andrea"]
[Black "Rotondi, Paolo"]
[Result "0-1"]
[WhiteElo "1699"]
[BlackElo "1660"]
[PlyCount "162"]
[EventDate "1996.11.17"]

1. e4 c6 2. d4 d5 3. e5 Bf5 4. h4 h5 5. Bd3 Bxd3 6. Qxd3 e6 7. Nf3 Nh6 8. Bg5
Be7 9. Bxe7 Qxe7 10. c3 Nd7 11. b4 Nb6 12. Nbd2 a5 13. a3 axb4 14. cxb4 Nf5 15.
g3 O-O 16. O-O Ra6 17. Ra2 Rfa8 18. Rfa1 Nd7 19. Nb3 b6 20. Qc3 b5 21. Na5 Rc8
22. Rc1 Nb6 23. Nb3 Nc4 24. Nc5 Ra7 25. Rca1 Rca8 26. Qb3 g6 27. a4 bxa4 28.
Rxa4 Qc7 29. Kg2 Nb6 30. Ra5 Nc8 31. Qa3 Rxa5 32. bxa5 Na7 33. a6 Nb5 34. Qb4
Ra7 35. Kf1 Qb6 36. Ra4 Ne7 37. Ke2 Nc8 38. Kd3 Kg7 39. Ne1 Qd8 40. Nc2 g5 41.
Na3 Nxa3 42. Rxa3 gxh4 43. gxh4 Qxh4 44. Nxe6+ fxe6 45. Qb7+ Rxb7 46. axb7 Qh3+
47. Ke2 Qxa3 48. bxc8=Q Qb2+ 49. Kf1 Qb1+ 50. Ke2 Qe4+ 51. Kf1 Qg4 52. Qxc6 h4
53. Qd7+ Kg6 54. Qe8+ Kf5 55. Qa4 h3 56. Qc2+ Qe4 57. Qc7 Qxd4 58. Qh7+ Kxe5
59. Qxh3 Qd1+ 60. Kg2 d4 61. Qg3+ Kd5 62. Qg5+ e5 63. Qg8+ Kd6 64. Qd8+ Ke6 65.
Qe8+ Kf5 66. Qf7+ Ke4 67. Qg6+ Kd5 68. Qf7+ Kc5 69. Qc7+ Kd5 70. Qd7+ Ke4 71.
Qh7+ Kf4 72. Qf7+ Kg5 73. Qg7+ Kf5 74. Qf7+ Ke4 75. Qh7+ Kd5 76. Qd7+ Kc4 77.
Qc6+ Kd3 78. Qb5+ Kd2 79. Qxe5 d3 80. Qe3+ Kc2 81. Qe4 Qe2 0-1

[Event "Weekend Vitinia"]
[Site "Roma ITA"]
[Date "1996.11.??"]
[Round "?"]
[White "Trebeschi, Andrea"]
[Black "Scipioni, Gaetano"]
[Result "1/2-1/2"]
[WhiteElo "1699"]
[BlackElo "1635"]
[PlyCount "70"]
[EventDate "1996.11.17"]

1. e4 d6 2. d4 Nf6 3. f3 c6 4. c4 Nbd7 5. Nc3 e5 6. d5 Be7 7. Be3 O-O 8. Nh3
Re8 9. Nf2 Nf8 10. Qd2 Qa5 11. Be2 Ng6 12. g3 Bd7 13. O-O Rad8 14. a3 Qc7 15.
b4 h6 16. Rfc1 Nh7 17. Qc2 Bg5 18. Bxg5 Nxg5 19. h4 Nh7 20. Na4 cxd5 21. exd5
b6 22. Bd3 Rf8 23. h5 Bxa4 24. Qxa4 Ne7 25. Qc2 Nf6 26. g4 Rc8 27. Ne4 Nxe4 28.
fxe4 Qd7 29. Qe2 Kh8 30. Qf3 Ng8 31. Rc3 Rc7 32. Rac1 Rfc8 33. Be2 Qe7 34. Kg2
Qg5 35. Qf5 Qxf5 1/2-1/2

[Event "Weekend Vitinia"]
[Site "Roma ITA"]
[Date "1996.11.??"]
[Round "?"]
[White "Trebeschi, Andrea"]
[Black "Vanzan, Alessandro"]
[Result "1-0"]
[WhiteElo "1699"]
[BlackElo "1507"]
[PlyCount "65"]
[EventDate "1996.11.17"]

1. e4 d6 2. d4 Nf6 3. f3 g6 4. c4 Bg7 5. Be3 O-O 6. Nc3 Nbd7 7. Nh3 e5 8. d5
Nb6 9. Nf2 h5 10. Qd2 c6 11. Be2 cxd5 12. Nxd5 Nbxd5 13. cxd5 Bd7 14. O-O a6
15. a4 Rc8 16. b3 Rc7 17. Bb6 Kh7 18. Qa5 Rc5 19. Bxd8 Rxa5 20. Bxa5 Bh6 21.
Rfc1 Be3 22. Rc7 b6 23. Bb4 Bc5 24. Bxc5 bxc5 25. Bxa6 Kg7 26. Nd3 Rb8 27. Rb7
Ra8 28. Bb5 Bc8 29. Rb6 Kf8 30. Nxe5 Ke7 31. Nc6+ Kf8 32. Rb8 Rxb8 33. Nxb8 1-0

[Event "Weekend Vitinia"]
[Site "Roma ITA"]
[Date "1996.11.??"]
[Round "?"]
[White "Vannelli, Vittorio"]
[Black "Abuhamdieh, Arafat"]
[Result "1-0"]
[WhiteElo "1567"]
[BlackElo "1420"]
[PlyCount "49"]
[EventDate "1996.11.17"]

1. e4 c5 2. Nf3 d6 3. d4 cxd4 4. Qxd4 Nc6 5. Bb5 Bd7 6. Qe3 a6 7. Bxc6 Bxc6 8.
Nc3 Nf6 9. O-O Rc8 10. e5 Ng4 11. Qf4 Bxf3 12. Qxf3 Nxe5 13. Qxb7 Rc6 14. f4
Rb6 15. Qe4 Nd7 16. Qa4 Qc8 17. Be3 Rxb2 18. Bd4 Rb8 19. Nd5 Rb5 20. Qxa6 Rb8
21. Rab1 e6 22. Rxb8 Qxb8 23. Re1 Rg8 24. Qc6 g5 25. Nf6+ 1-0

[Event "Weekend Vitinia"]
[Site "Roma ITA"]
[Date "1996.11.??"]
[Round "?"]
[White "Vannelli, Vittorio"]
[Black "Colantonio, Marco"]
[Result "1-0"]
[WhiteElo "1567"]
[BlackElo "1573"]
[PlyCount "63"]
[EventDate "1996.11.17"]

1. e4 e5 2. Nf3 f5 3. Nxe5 Qf6 4. d4 d6 5. Nc4 fxe4 6. Nc3 Qg6 7. Bf4 Nf6 8.
Qd2 Bf5 9. O-O-O Nbd7 10. Be2 O-O-O 11. Nb5 a6 12. Nxc7 Kxc7 13. Qa5+ b6 14.
Qxa6 Rb8 15. Na3 Nd5 16. Qc4+ Kd8 17. Qxd5 Be6 18. Qg5+ Qxg5 19. Bxg5+ Nf6 20.
d5 Bf7 21. Nb5 Be7 22. Bxf6 gxf6 23. Na7 Be8 24. Nc6+ Bxc6 25. dxc6 b5 26. Rd4
f5 27. Rd5 Rg8 28. Rxf5 Rxg2 29. Rf7 Ke8 30. Bh5 Rc8 31. Rg7+ Rg6 32. Rxh7 1-0

[Event "Weekend Vitinia"]
[Site "Roma ITA"]
[Date "1996.11.??"]
[Round "?"]
[White "Vannelli, Vittorio"]
[Black "Galeno, Giorgio"]
[Result "0-1"]
[WhiteElo "1567"]
[BlackElo "1725"]
[PlyCount "102"]
[EventDate "1996.11.17"]

1. e4 d6 2. d4 Nf6 3. Nc3 g6 4. Bc4 Bg7 5. Qe2 Nc6 6. e5 Nxd4 7. exf6 Nxe2 8.
fxg7 Rg8 9. Ngxe2 Rxg7 10. Bh6 Rg8 11. O-O-O c6 12. Rhe1 b5 13. Nd4 bxc4 14.
Nxc6 Qc7 15. Rxe7+ Qxe7 16. Nxe7 Kxe7 17. Nd5+ Kd8 18. Bg5+ f6 19. Nxf6 Rh8 20.
Rxd6+ Kc7 21. Bf4 Kb7 22. Ne4 Bf5 23. Nc5+ Kc8 24. Rc6+ Kd8 25. Bg5+ Ke8 26.
Rc7 h6 27. Bf6 Rg8 28. Nb7 Kf8 29. Be7+ Kf7 30. Bg5+ Ke6 31. Nc5+ Kd5 32. Bxh6
a5 33. Na4 Ra6 34. Rc5+ Ke6 35. f3 g5 36. Rxc4 Ke7 37. g4 Rxh6 38. gxf5 Rxh2
39. Rc5 Rd8 40. b3 Rf2 41. Rc3 Kf6 42. Nc5 Kxf5 43. Nb7 Rh8 44. Nxa5 Kf4 45.
Nc4 Rxf3 46. Rxf3+ Kxf3 47. Ne5+ Ke4 48. Nd3 Kd4 49. a4 g4 50. Kd1 Ke3 51. a5
g3 0-1

[Event "Weekend Vitinia"]
[Site "Roma ITA"]
[Date "1996.11.??"]
[Round "?"]
[White "Vannelli, Vittorio"]
[Black "Laudati, Adriano"]
[Result "0-1"]
[WhiteElo "1567"]
[BlackElo "1852"]
[PlyCount "72"]
[EventDate "1996.11.17"]

1. e4 c5 2. Nf3 d6 3. d4 cxd4 4. Nxd4 Nf6 5. Nc3 g6 6. Bb5+ Bd7 7. Qe2 Bg7 8.
Be3 O-O 9. Bxd7 Nbxd7 10. Rd1 Rc8 11. O-O a6 12. f4 Qa5 13. Nb3 Qc7 14. e5 dxe5
15. fxe5 Qxe5 16. Qf3 Qc7 17. Bf4 Qc6 18. Qe2 e5 19. Bc1 b5 20. a3 Qc4 21. Qf3
Nc5 22. Nxc5 Qxc5+ 23. Kh1 Qc6 24. Qe2 Qe6 25. Bg5 h6 26. Bxf6 Bxf6 27. Ne4 Be7
28. Qe3 Kg7 29. Nc3 Rcd8 30. Rde1 f6 31. Rf4 Qd6 32. Rh4 Qd2 33. Qg3 f5 34. Rh3
f4 35. Ne4 fxg3 36. Nxd2 Rxd2 0-1

[Event "Weekend Vitinia"]
[Site "Roma ITA"]
[Date "1996.11.??"]
[Round "?"]
[White "Vanzan, Alessandro"]
[Black "Brandi, Flaviano"]
[Result "0-1"]
[WhiteElo "1507"]
[BlackElo "1713"]
[PlyCount "92"]
[EventDate "1996.11.17"]

1. c4 c5 2. Nc3 Nc6 3. Nf3 Nf6 4. g3 g6 5. Bg2 Bg7 6. O-O O-O 7. e3 d6 8. Rb1
Rb8 9. a3 Bf5 10. d3 Qd7 11. Re1 Bh3 12. Bh1 Bg4 13. Qd2 Bxf3 14. Bxf3 Qf5 15.
Bg2 Ne5 16. f4 Nc6 17. b3 Qd7 18. Bb2 e6 19. Bh3 d5 20. Nxd5 Nxd5 21. Bxg7 Kxg7
22. cxd5 Qxd5 23. Qc3+ Kg8 24. Bg2 Qd6 25. Rbc1 Rfc8 26. Red1 Ne7 27. Qd2 Qb6
28. Rb1 Nf5 29. Kh1 Rd8 30. b4 cxb4 31. Rxb4 Qxe3 32. Rxb7 Rxb7 33. Bxb7 Qb6
34. Be4 Nd6 35. Bf3 Nc4 36. Qe2 Nxa3 37. Ra1 Nb5 38. Qf1 Nd4 39. Rb1 Qd6 40.
Bg2 Nf5 41. Qe1 Qxd3 42. Bh3 Ne3 43. Qg1 Qe4+ 44. Bg2 Nxg2 45. Rb4 Qf3 46. Rb3
Ne3+ 0-1

[Event "Weekend Vitinia"]
[Site "Roma ITA"]
[Date "1996.11.??"]
[Round "?"]
[White "Vanzan, Alessandro"]
[Black "Galeno, Giorgio"]
[Result "0-1"]
[WhiteElo "1507"]
[BlackElo "1725"]
[PlyCount "88"]
[EventDate "1996.11.17"]

1. c4 e5 2. Nc3 f5 3. e3 Nf6 4. g3 Be7 5. Bg2 O-O 6. Nge2 c6 7. O-O a5 8. d4 d6
9. d5 Bd7 10. b3 Na6 11. a3 e4 12. Nf4 Nc5 13. dxc6 bxc6 14. Bb2 Qe8 15. b4
axb4 16. axb4 Ne6 17. Qb3 Nxf4 18. exf4 Qf7 19. Na4 Rab8 20. Qc3 Be6 21. c5 Nd5
22. Qd2 dxc5 23. bxc5 Rfd8 24. Qc1 Nb4 25. Be5 Nd3 26. Qc3 Rb3 27. Qc2 Nb4 28.
Qc1 Bc4 29. Rd1 Rxd1+ 30. Qxd1 Rd3 31. Qc1 Bb3 32. Qb2 Nc2 33. Rc1 Bxa4 34.
Rxc2 Rd1+ 35. Bf1 Bxc2 36. Qxc2 Qd5 37. Qa4 Qd3 38. Qa2+ Kf8 39. Qa8+ Bd8 40.
Bd6+ Kf7 41. Qa2+ Kg6 42. Qe6+ Bf6 43. Qxf5+ Kxf5 44. g4+ Ke6 0-1

[Event "Weekend Vitinia"]
[Site "Roma ITA"]
[Date "1996.11.??"]
[Round "?"]
[White "Vanzan, Alessandro"]
[Black "Moroni, Marco"]
[Result "0-1"]
[WhiteElo "1507"]
[BlackElo "1785"]
[PlyCount "80"]
[EventDate "1996.11.17"]

1. c4 Nf6 2. Nc3 c5 3. g3 d5 4. cxd5 Nxd5 5. Bg2 Nc7 6. e3 Nc6 7. a3 e5 8. Nge2
Be7 9. O-O O-O 10. b3 Rb8 11. Bb2 f6 12. Qc2 Be6 13. Rab1 Na5 14. Ba1 c4 15. b4
Nb3 16. Rfd1 Qe8 17. d4 cxd3 18. Rxd3 Nxa1 19. Rxa1 b6 20. Rb1 f5 21. Rd2 Qf7
22. f4 Bf6 23. e4 g6 24. b5 Rbc8 25. Qd1 exf4 26. Nd5 fxg3 27. Nxf6+ Qxf6 28.
Nxg3 f4 29. Rf2 Qc3 30. Ne2 Qc5 31. Nd4 Rcd8 32. Rd2 f3 33. Rc1 fxg2 34. Kxg2
Qg5+ 35. Kh1 Qe5 36. Rxc7 Qxe4+ 37. Rg2 Rxd4 38. Qa1 Bd5 39. Rcc2 Qxc2 40. Qxd4
Qxg2# 0-1

[Event "Weekend Vitinia"]
[Site "Roma ITA"]
[Date "1996.11.??"]
[Round "?"]
[White "Verrascina, Nicola"]
[Black "Di Lascio, Savino"]
[Result "0-1"]
[WhiteElo "2080"]
[BlackElo "1927"]
[PlyCount "88"]
[EventDate "1996.11.17"]

1. e4 c6 2. d4 d5 3. e5 Bf5 4. Nf3 e6 5. Be2 Qb6 6. O-O Nd7 7. c4 dxc4 8. Nc3
Bd3 9. Bxd3 cxd3 10. Qxd3 O-O-O 11. Be3 Qc7 12. Qc2 h6 13. Rac1 Nb6 14. Nb5 Qb8
15. Rfd1 Nd5 16. Qa4 a6 17. Nc3 Nge7 18. Ne4 Nf5 19. Bd2 Qa7 20. g4 Nb6 21. Qa5
Nxd4 22. Nxd4 Rxd4 23. Be3 Bb4 24. Nd6+ Kb8 25. Rxd4 Bxa5 26. b4 Nd5 27. bxa5
Nxe3 28. fxe3 Kc7 29. Rb1 Rb8 30. Rb6 f6 31. exf6 gxf6 32. Ne4 Rd8 33. Nc5 Rxd4
34. exd4 Qa8 35. Nxe6+ Kd6 36. Nc5 Qg8 37. Rxb7 Qxg4+ 38. Kf1 Qxd4 39. Nb3 Qd1+
40. Kg2 Qc2+ 41. Kg3 Qxa2 42. Rb6 Kd5 43. Rb8 Kc4 44. Rb6 Qxb3+ 0-1

[Event "Weekend Vitinia"]
[Site "Roma ITA"]
[Date "1996.11.??"]
[Round "?"]
[White "Vigile, Matteo"]
[Black "Drago, Valentino"]
[Result "1-0"]
[WhiteElo "1567"]
[BlackElo "1603"]
[PlyCount "105"]
[EventDate "1996.11.17"]

1. d4 Nf6 2. c4 e6 3. Nf3 Bb4+ 4. Bd2 Bxd2+ 5. Nbxd2 O-O 6. e4 d5 7. e5 Nfd7 8.
Qc2 c5 9. cxd5 cxd4 10. dxe6 fxe6 11. Bd3 h6 12. O-O Nc6 13. Rfe1 a6 14. Bc4
Qe8 15. Nb3 b5 16. Bf1 Bb7 17. Nbxd4 Rc8 18. Qd2 Qg6 19. Nxc6 Bxc6 20. Nh4 Qh5
21. g3 Nc5 22. Bg2 Bxg2 23. Nxg2 Rcd8 24. Qe3 Nd3 25. Qe2 Qf5 26. Rf1 Nxe5 27.
Nh4 Qf6 28. Rae1 Nd3 29. Qxe6+ Qxe6 30. Rxe6 Nxb2 31. Rxa6 Rd2 32. f4 Rc8 33.
Nf3 Re2 34. Nd4 Rd2 35. Rf2 Rc1+ 36. Kg2 Rcd1 37. Nxb5 Nd3 38. Rxd2 Rxd2+ 39.
Kh3 Nf2+ 40. Kg2 Ng4+ 41. Kf3 Nxh2+ 42. Ke4 Rg2 43. Ra8+ Kf7 44. Nd6+ Ke6 45.
Ra6 Nf1 46. Nf5+ Kf7 47. Kf3 Rc2 48. a4 Nd2+ 49. Kg4 Rc5 50. Ra7+ Kf6 51. Nxg7
Nf1 52. Nh5+ Kg6 53. Rg7# 1-0

[Event "Weekend Vitinia"]
[Site "Roma ITA"]
[Date "1996.11.??"]
[Round "?"]
[White "Vigile, Matteo"]
[Black "Matano, Arturo"]
[Result "0-1"]
[WhiteElo "1567"]
[BlackElo "1672"]
[PlyCount "44"]
[EventDate "1996.11.17"]

1. d4 g6 2. c4 Nf6 3. Nc3 Bg7 4. e4 d6 5. f3 O-O 6. Be3 Nc6 7. Qd2 Rb8 8. Nge2
a6 9. Bh6 Bxh6 10. Qxh6 e5 11. d5 Nd4 12. Nxd4 exd4 13. Ne2 c5 14. Qd2 b5 15.
cxb5 axb5 16. b4 Qb6 17. g4 Re8 18. h4 Bxg4 19. fxg4 Nxe4 20. Qd3 Nc3 21. Rh3
c4 22. Qd2 Nxe2 0-1

[Event "Weekend Vitinia"]
[Site "Roma ITA"]
[Date "1996.11.??"]
[Round "?"]
[White "Vigile, Matteo"]
[Black "Trebeschi, Andrea"]
[Result "0-1"]
[WhiteElo "1567"]
[BlackElo "1699"]
[PlyCount "84"]
[EventDate "1996.11.17"]

1. d4 Nf6 2. Nf3 d6 3. c4 g6 4. g3 Bg7 5. Bg2 O-O 6. O-O c6 7. Nc3 Bf5 8. Be3
Ne4 9. Nxe4 Bxe4 10. Qd2 Nd7 11. Bh6 d5 12. Bxg7 Kxg7 13. Rac1 Rc8 14. Rc3 Qa5
15. Ra3 Qxd2 16. Nxd2 Bxg2 17. Kxg2 a6 18. Rc1 e5 19. dxe5 Nxe5 20. cxd5 cxd5
21. Rac3 Rxc3 22. Rxc3 Rd8 23. f4 Nc6 24. Nf3 f5 25. a3 Kf6 26. e3 Re8 27. Rd3
Rd8 28. Kf2 Ne7 29. Rc3 Rc8 30. Rxc8 Nxc8 31. Ne5 Ke6 32. Kf3 Nd6 33. Ke2 Nc4
34. Nd3 Kd6 35. a4 a5 36. b3 Nb6 37. Kd2 Nd7 38. Kc3 Nc5 39. Nxc5 Kxc5 40. b4+
axb4+ 41. Kb3 h6 42. h3 h5 0-1

[Event "Weekend Vitinia"]
[Site "Roma ITA"]
[Date "1996.11.??"]
[Round "?"]
[White "Wyss, Walter"]
[Black "Ianniello, Riccardo"]
[Result "1-0"]
[WhiteElo "2200"]
[BlackElo "2335"]
[PlyCount "81"]
[EventDate "1996.11.17"]

1. e4 d5 2. exd5 Nf6 3. d4 Nxd5 4. c4 Nf6 5. Be2 g6 6. Nc3 Bg7 7. Be3 O-O 8. h3
Nbd7 9. Nf3 b6 10. Qd2 Re8 11. Rd1 Bb7 12. O-O e6 13. Bg5 Qe7 14. Ne5 Qf8 15.
Bf3 Bxf3 16. Nxf3 h6 17. Bf4 c6 18. Rfe1 Rad8 19. Ne5 Nxe5 20. Bxe5 Nd7 21.
Bxg7 Kxg7 22. Qf4 Qb4 23. Qc7 Qxc4 24. Ne4 Qd5 25. Nc3 Qf5 26. Ne4 Rf8 27. d5
Nc5 28. Nxc5 bxc5 29. dxc6 Rc8 30. Qd6 Qc2 31. Qe5+ Kg8 32. c7 c4 33. Rd7 c3
34. bxc3 Qxa2 35. Red1 Qc4 36. Qd6 Kg7 37. Rd8 Rxc7 38. Qxf8+ Kf6 39. R8d7 Rxd7
40. Rxd7 e5 41. Qe7+ 1-0

[Event "Weekend Vitinia"]
[Site "Roma ITA"]
[Date "1996.11.??"]
[Round "?"]
[White "Wyss, Walter"]
[Black "Marta, Daniele"]
[Result "1-0"]
[WhiteElo "2200"]
[BlackElo "1807"]
[PlyCount "111"]
[EventDate "1996.11.17"]

1. c4 Nf6 2. Nc3 g6 3. g3 Bg7 4. Bg2 O-O 5. Nf3 d6 6. O-O e5 7. d3 Nc6 8. Rb1
Nh5 9. b4 f5 10. Bg5 Qd7 11. Nd5 h6 12. b5 hxg5 13. bxc6 bxc6 14. Nxg5 cxd5 15.
Bxd5+ Kh8 16. Bxa8 Qe7 17. Nf3 e4 18. Nh4 Kh7 19. Rb8 c6 20. Qc2 e3 21. f4 Bd4
22. Nf3 Bb6 23. Ng5+ Kh6 24. Qb2 Ng7 25. Rxb6 axb6 26. Bxc6 Qc7 27. Bd5 Bb7 28.
Qb5 Ra8 29. Nf7+ Kh7 30. Bxb7 Qxb7 31. Nxd6 Qc7 32. Qe5 Rxa2 33. Re1 Ra5 34.
Nb5 Qxe5 35. fxe5 Ne6 36. Kg2 g5 37. d4 g4 38. d5 Nc5 39. d6 Ra4 40. Rd1 Rxc4
41. d7 Ne6 42. Rd6 Nd8 43. e6 Re4 44. Nd4 b5 45. Nc6 Rxe6 46. Rxe6 Nxe6 47. Nd4
Nd8 48. Nxb5 Kg6 49. Nc7 Kf6 50. Nd5+ Ke6 51. Nxe3 Nc6 52. Kf2 Kxd7 53. Nxf5
Ke6 54. e4 Ne5 55. Ke3 Nf3 56. Nd4+ 1-0

[Event "Weekend Vitinia"]
[Site "Roma ITA"]
[Date "1996.11.??"]
[Round "?"]
[White "Wyss, Walter"]
[Black "Saccone, Fabio"]
[Result "1/2-1/2"]
[WhiteElo "2200"]
[BlackElo "2200"]
[PlyCount "53"]
[EventDate "1996.11.17"]

1. e4 c5 2. c3 d5 3. exd5 Qxd5 4. d4 Nc6 5. Nf3 Bg4 6. Be2 O-O-O 7. O-O e5 8.
c4 Qd7 9. d5 Bxf3 10. Bxf3 Nd4 11. Be3 f5 12. b4 Nf6 13. bxc5 Bxc5 14. Nc3 f4
15. Bxd4 Bxd4 16. Ne4 Bxa1 17. Qxa1 Rhe8 18. c5 Qa4 19. Nd6+ Rxd6 20. cxd6 Qd7
21. Rc1+ Kb8 22. Qb2 Qxd6 23. Rc6 Qd7 24. d6 Rc8 25. Rxc8+ Qxc8 26. h3 e4 27.
Qe5 1/2-1/2

[Event "Weekend Vitinia"]
[Site "Roma ITA"]
[Date "1996.11.??"]
[Round "?"]
[White "Wyss, Walter"]
[Black "Tosoni, Augusto"]
[Result "1-0"]
[WhiteElo "2200"]
[BlackElo "2056"]
[PlyCount "105"]
[EventDate "1996.11.17"]

1. e4 e5 2. Nf3 Nc6 3. d4 exd4 4. Nxd4 Bc5 5. Nxc6 Qf6 6. Qd2 dxc6 7. Bd3 Bd7
8. Nc3 Bd4 9. O-O O-O-O 10. Kh1 Nh6 11. Qf4 Qxf4 12. Bxf4 Ng4 13. Nd1 f6 14. f3
Ne5 15. Bxe5 fxe5 16. Bc4 a5 17. a4 b5 18. Bb3 Bb6 19. Nc3 b4 20. Ne2 Rhe8 21.
Rfd1 Be6 22. Rxd8+ Kxd8 23. Rd1+ Ke7 24. Bxe6 Kxe6 25. g3 Bc5 26. Kg2 Bd6 27.
Nc1 c5 28. Nb3 Ra8 29. Nd2 c6 30. Nc4 Be7 31. b3 g6 32. Kf2 Rf8 33. Ke3 h5 34.
h3 Rf7 35. Nd2 Bd6 36. Nc4 Bc7 37. Rd2 Rf8 38. h4 Rf7 39. Rf2 Rd7 40. f4 exf4+
41. gxf4 Rf7 42. e5 Rd7 43. Rg2 Kf7 44. e6+ Kxe6 45. Rxg6+ Kf5 46. Rg5+ Kf6 47.
Rxc5 Re7+ 48. Kf3 Re6 49. Rxh5 Kg6 50. f5+ Kxh5 51. fxe6 Bd8 52. Ke4 Kxh4 53.
Ne5 1-0

[Event "Torneo Scheveningen"]
[Site "Salerno ITA"]
[Date "1996.11.??"]
[Round "4"]
[White "Markovic, Slavoljub"]
[Black "D'Amore, Emanuele"]
[Result "0-1"]
[WhiteElo "2295"]
[BlackElo "2265"]
[PlyCount "54"]
[EventDate "1996.11.04"]

1. e4 e6 2. f4 d5 3. Nc3 Nf6 4. e5 Nfd7 5. Nf3 c5 6. d4 Nc6 7. Ne2 cxd4 8.
Nexd4 Bc5 9. c3 Qb6 10. b4 Bxd4 11. Nxd4 Nxd4 12. Qxd4 Qxd4 13. cxd4 Nb6 14.
Bd2 Bd7 15. Rc1 Ke7 16. Rc7 Rab8 17. Bd3 Rhc8 18. Rxc8 Rxc8 19. Ke2 Na4 20.
Bxh7 g6 21. f5 exf5 22. Rc1 Rh8 23. Bg5+ Ke6 24. Rc7 Rxh7 25. Rxb7 f6 26. exf6
Bb5+ 27. Rxb5 Nc3+ 0-1

[Event "Torneo Scheveningen"]
[Site "Salerno ITA"]
[Date "1996.11.??"]
[Round "4"]
[White "Ortega, Lexy"]
[Black "Bruno, Massimo"]
[Result "1-0"]
[WhiteElo "2495"]
[BlackElo "1984"]
[PlyCount "47"]
[EventDate "1996.11.04"]

1. d4 Nf6 2. c4 g6 3. Nc3 Bg7 4. e4 d6 5. Bd3 e5 6. d5 O-O 7. Nge2 Nh5 8. O-O
f5 9. exf5 gxf5 10. f4 Nd7 11. Be3 Ndf6 12. h3 Nd7 13. Qd2 Kh8 14. Rad1 b6 15.
Bc2 Qh4 16. b3 Nxf4 17. Nxf4 exf4 18. Bxf4 Be5 19. Nb5 Qd8 20. Bg5 Nf6 21. Nd4
Qe8 22. Nxf5 Qh5 23. Ng3 Qe8 24. Bxf6+ 1-0

[Event "Torneo Scheveningen"]
[Site "Salerno ITA"]
[Date "1996.11.??"]
[Round "4"]
[White "Rihterovic, Milan"]
[Black "Martorelli, Antonio"]
[Result "0-1"]
[WhiteElo "2320"]
[BlackElo "2325"]
[PlyCount "80"]
[EventDate "1996.11.04"]

1. d4 Nf6 2. c4 c5 3. d5 b5 4. cxb5 a6 5. bxa6 Bxa6 6. Nc3 d6 7. e4 Bxf1 8.
Kxf1 g6 9. g4 Bg7 10. Kg2 O-O 11. g5 Nh5 12. Nge2 Nd7 13. Ng3 Nxg3 14. hxg3 Qa5
15. Qe2 Rfb8 16. Bf4 Qa6 17. Rhe1 Qxe2 18. Rxe2 Rb4 19. a3 Rc4 20. Rc2 Bxc3 21.
Rxc3 Rxe4 22. Kf3 f5 23. gxf6 Nxf6 24. Bg5 Rd4 25. Rb3 Rxd5 26. Bxf6 Rf5+ 27.
Kg2 Rxf6 28. Re3 Ra7 29. a4 Kf7 30. a5 d5 31. Rea3 Rfa6 32. f4 Ke6 33. Kf3 Kd6
34. g4 c4 35. g5 Kc5 36. Re1 Kb4 37. Rh1 Rxa5 38. Rxa5 Rxa5 39. Rxh7 Ra7 40.
Rg7 Kb3 0-1

[Event "Torneo Scheveningen"]
[Site "Salerno ITA"]
[Date "1996.11.??"]
[Round "5"]
[White "Martini, Marco"]
[Black "Naumkin, Igor"]
[Result "0-1"]
[WhiteElo "1734"]
[BlackElo "2430"]
[PlyCount "46"]
[EventDate "1996.11.04"]

1. Nf3 e6 2. d4 f5 3. c4 Nf6 4. e3 Be7 5. Bd3 O-O 6. O-O b6 7. Nbd2 Bb7 8. b3
Ne4 9. Ne1 c5 10. Bb2 d5 11. f3 Nd6 12. dxc5 bxc5 13. Qc2 Nd7 14. cxd5 exd5 15.
b4 c4 16. Be2 f4 17. e4 Qb6+ 18. Kh1 Qe3 19. Nb1 dxe4 20. Bxc4+ Kh8 21. Be6 Nf6
22. Nd2 exf3 23. Bh3 fxg2+ 0-1

[Event "Torneo Scheveningen"]
[Site "Salerno ITA"]
[Date "1996.11.??"]
[Round "5"]
[White "Martorelli, Antonio"]
[Black "Markovic, Slavoljub"]
[Result "1-0"]
[WhiteElo "2325"]
[BlackElo "2295"]
[PlyCount "55"]
[EventDate "1996.11.04"]

1. e4 d6 2. d4 Nf6 3. Nc3 g6 4. Bg5 Bg7 5. Qd2 c6 6. f4 b5 7. Bd3 O-O 8. Nf3
Bg4 9. e5 b4 10. Ne2 Nd5 11. O-O a5 12. a3 bxa3 13. Rxa3 Bxf3 14. Rxf3 f6 15.
exf6 exf6 16. Bh4 Qb6 17. c4 Nb4 18. f5 g5 19. c5 dxc5 20. Bc4+ Kh8 21. Bf2
cxd4 22. Nxd4 c5 23. Ne6 Rc8 24. Rh3 N8a6 25. Qd7 Qa7 26. Rxh7+ Kxh7 27. Rh3+
Kg8 28. Nc7+ 1-0

[Event "Torneo Scheveningen"]
[Site "Salerno ITA"]
[Date "1996.11.??"]
[Round "6"]
[White "Aleksic, Nenad"]
[Black "Bruno, Massimo"]
[Result "1-0"]
[WhiteElo "2425"]
[BlackElo "1984"]
[PlyCount "57"]
[EventDate "1996.11.04"]

1. e4 e6 2. Nf3 d5 3. Nc3 c5 4. exd5 exd5 5. d4 Nf6 6. Bg5 Be7 7. dxc5 O-O 8.
Bd3 Nc6 9. O-O Be6 10. Na4 Qc7 11. a3 Rfd8 12. b4 Ne4 13. Bxe7 Qxe7 14. Qe1 Qf6
15. Nd2 Nc3 16. Nxc3 Qxc3 17. Nf3 Qf6 18. Qe3 h6 19. Rfe1 Re8 20. c3 Bd7 21.
Qd2 Kf8 22. Bb5 Bg4 23. Nd4 a6 24. Bxc6 bxc6 25. Qd3 g6 26. Rxe8+ Kxe8 27. Qe3+
Kd7 28. Re1 g5 29. Qg3 1-0

[Event "Torneo Scheveningen"]
[Site "Salerno ITA"]
[Date "1996.11.??"]
[Round "7"]
[White "Martini, Marco"]
[Black "Ortega, Lexy"]
[Result "0-1"]
[WhiteElo "1734"]
[BlackElo "2495"]
[PlyCount "52"]
[EventDate "1996.11.04"]

1. d4 Nf6 2. Nf3 e6 3. Bg5 h6 4. Bh4 d6 5. h3 Nbd7 6. c4 c5 7. Nc3 cxd4 8. Nxd4
a6 9. e4 Be7 10. Bg3 Nc5 11. f3 Nh5 12. Bf2 Bh4 13. Qd2 Qg5 14. Qxg5 hxg5 15.
b4 Ng3 16. bxc5 Nxh1 17. Bxh4 gxh4 18. cxd6 Ng3 19. Rb1 Nxf1 20. Kxf1 Rh5 21.
Na4 b5 22. c5 bxa4 23. c6 Rc5 24. c7 Kd7 25. Rb8 Kxd6 26. Rxa8 Kxc7 0-1

[Event "Torneo Scheveningen"]
[Site "Salerno ITA"]
[Date "1996.11.??"]
[Round "8"]
[White "Ortega, Lexy"]
[Black "D'Amore, Emanuele"]
[Result "1-0"]
[WhiteElo "2495"]
[BlackElo "2265"]
[PlyCount "47"]
[EventDate "1996.11.04"]

1. d4 c5 2. e3 Nf6 3. Nf3 b6 4. c4 e6 5. Nc3 Bb7 6. d5 exd5 7. cxd5 d6 8. Be2
g6 9. e4 Bg7 10. Bg5 h6 11. Bh4 g5 12. Bg3 Nh5 13. Bb5+ Kf8 14. O-O a6 15. Bd3
b5 16. e5 Nxg3 17. fxg3 dxe5 18. Qe2 b4 19. Nxe5 bxc3 20. Ng6+ Kg8 21. Ne7+ Kf8
22. Rxf7+ Kxf7 23. Qe6+ Ke8 24. Bg6+ 1-0

[Event "Torneo Scheveningen"]
[Site "Salerno ITA"]
[Date "1996.11.??"]
[Round "9"]
[White "Martini, Marco"]
[Black "Aleksic, Nenad"]
[Result "1/2-1/2"]
[WhiteElo "1734"]
[BlackElo "2425"]
[PlyCount "41"]
[EventDate "1996.11.04"]

1. d4 Nf6 2. Nf3 e6 3. Bf4 c5 4. c3 Nc6 5. e3 b6 6. Bd3 Bb7 7. Nbd2 Be7 8. O-O
O-O 9. Re1 d6 10. h3 a6 11. dxc5 dxc5 12. Qc2 Bd6 13. Bxd6 Qxd6 14. Nc4 Qc7 15.
b3 Rad8 16. Rad1 h6 17. Be2 Rxd1 18. Rxd1 Rd8 19. Rxd8+ Qxd8 20. Qd2 Qxd2 21.
Ncxd2 1/2-1/2

[Event "Torneo Scheveningen"]
[Site "Salerno ITA"]
[Date "1996.11.??"]
[Round "10"]
[White "Markovic, Slavoljub"]
[Black "Martorelli, Antonio"]
[Result "1-0"]
[WhiteElo "2295"]
[BlackElo "2325"]
[PlyCount "46"]
[EventDate "1996.11.04"]

1. e4 c5 2. Nf3 e6 3. d4 cxd4 4. Nxd4 a6 5. Nd2 Nf6 6. e5 Nd5 7. c4 Nb4 8. Qa4
b5 9. Nxb5 axb5 10. Qxa8 Qc7 11. Qe4 Bb7 12. Qb1 Qxe5+ 13. Kd1 Bc5 14. a3 Bxf2
15. axb4 Qe1+ 16. Kc2 Nc6 17. Nf3 Nxb4+ 18. Kb3 Bxf3 19. gxf3 Qd1+ 20. Kxb4
Be1+ 21. Kxb5 Qb3+ 22. Ka6 O-O 23. Qe4 Rb8 1-0

[Event "Torneo Scheveningen"]
[Site "Salerno ITA"]
[Date "1996.11.??"]
[Round "10"]
[White "Naumkin, Igor"]
[Black "Martini, Marco"]
[Result "1/2-1/2"]
[WhiteElo "2430"]
[BlackElo "1734"]
[PlyCount "40"]
[EventDate "1996.11.04"]

1. d4 Nf6 2. c4 e6 3. Nf3 b6 4. g3 Bb7 5. Bg2 Be7 6. O-O O-O 7. Nc3 Ne4 8. Qc2
Nxc3 9. Qxc3 f5 10. b3 Bf6 11. Bb2 d6 12. Rad1 a5 13. Ne1 Bxg2 14. Nxg2 Nc6 15.
Qf3 Qd7 16. Nf4 Nxd4 17. Bxd4 Bxd4 18. Rxd4 e5 19. Qd5+ Qf7 20. Rd2 exf4
1/2-1/2

[Event "Torneo Scheveningen"]
[Site "Salerno ITA"]
[Date "1996.11.??"]
[Round "10"]
[White "Ortega, Lexy"]
[Black "Saccone, Fabio"]
[Result "1-0"]
[WhiteElo "2495"]
[BlackElo "2200"]
[PlyCount "35"]
[EventDate "1996.11.04"]

1. d4 e6 2. c4 f5 3. g3 Nf6 4. Bg2 Be7 5. Nf3 O-O 6. O-O d6 7. b3 Qe8 8. Nc3
Na6 9. Ba3 c6 10. Re1 Qh5 11. e3 Bd7 12. Ne5 Qe8 13. e4 fxe4 14. Bh3 d5 15.
Bxe6+ Kh8 16. Bxe7 Qxe7 17. cxd5 cxd5 18. Bxd5 1-0